000 00679nam a2200217 a 4500
001 BRCA_6964
005 20190320205648.0
008 221111s1933----u--#######---#000-0#eng-#
041 _aeng
_hger
044 _au
050 4 _aPF3640
_b.H8 1933
245 1 0 _aHugo’s pocket dictionary
_bGerman-English and English-German. pronunciation of every word
260 _aPhiladelphia
_bDavid McKay company
_cc1933
300 _axvi, 622 p.
_c12 cm.
500 _aDiccionario inventariado por Banco de México como libro
500 _aL172b
650 1 4 _aAlemán
_vDiccionarios
_xInglés
_917194
650 1 4 _aInglés
_vDiccionarios
_xAlemán
_917193
902 _aGFM
942 _2lcc
_cB
999 _c6646
_d6646